[Event "Tournament (Elo)"]
[Site "masterchessopen.com Gausdal (Norway)"]
[Date "2006.04.28"]
[Round "6"]
[White "Hobber Anders (NOR)"]
[Black "Nilsson Lars Kjoller (DEN)"]
[Result "1-0"]
[WhiteElo "1938"]
[BlackElo "2037"]

1.e4 c5 2.Nf3 d6 3.d4 cxd4 4.Nxd4 Nf6 5.Nc3 e6 6.g3 Nc6 7.Bg2 Nxd4 8.Qxd4 Be7
9.O-O O-O 10.Be3 Ng4 11.Rad1 Nxe3 12.Qxe3 Qc7 13.Qe2 a6 14.Rfe1 b5 15.e5 d5
16.Rxd5 b4 17.Rdd1 bxc3 18.Bxa8 cxb2 19.Rb1 Bd7 20.Be4 f5 21.Bd3 Rb8 22.Bxa6
Ba4 23.Bc4 Qb6 24.Bb3 Bb5 25.Qf3 f4 26.Rxb2 Bc5 27.Bc4 Bxc4 28.Rxb6 Bxb6
29.Qxf4 Bxa2 30.Qa4 Bd5 31.c4 Bf3 32.Qd7 Bg4 33.Qd6 {#r} 1-0

[Event "It (cat.1)"]
[Site "masterchessopen.com Budapest (Hungary)"]
[Date "2006.08.16"]
[Round "12"]
[White "Hoolt Sarah (GER)"]
[Black "Nagy Bence (HUN)"]
[Result "0-1"]
[WhiteElo "2135"]
[BlackElo "2328"]

1.e4 c5 2.Nf3 e6 3.d4 cxd4 4.Nxd4 Nf6 5.Nc3 d6 6.g3 Be7 7.Bg2 O-O 8.O-O a6
9.a4 Qc7 10.h3 Nc6 11.Be3 Ne5 12.Qe2 Nc4 13.Nd1 e5 14.Nb3 Be6 15.Nd2 Rac8
16.Rc1 Qd7 17.b3 Nxd2 18.Qxd2 Bxh3 {#R} 0-1

[Event "Ch Romania (team) (w)"]
[Site "masterchessopen.com Predeal (Romania)"]
[Date "2006.11.09"]
[Round "6"]
[White "Peptan Corina-Isabela (ROM)"]
[Black "Sandu Mihaela (ROM)"]
[Result "1-0"]
[WhiteElo "2428"]
[BlackElo "2246"]

1.e4 c5 2.Nf3 e6 3.Nc3 d6 4.d4 cxd4 5.Nxd4 Nf6 6.g3 a6 7.Bg2 Qc7 8.O-O Nbd7
9.f4 Nb6 10.Kh1 Be7 11.g4 h5 12.g5 Ng4 13.h3 e5 14.Nf5 Qc5 15.Qe2 Bf8 16.fxe5
dxe5 17.Ne3 Nxe3 18.Bxe3 Qc7 19.Qf2 Nc4 20.Nd5 Qd7 21.Bb6 Bd6 22.b3 Nxb6
23.Nxb6 Qe7 24.Nxa8 Bc5 25.Qf3 b6 26.b4 {#r} 1-0

[Event "Tournament"]
[Site "masterchessopen.com Moscow (Russia)"]
[Date "2007.03.02"]
[Round "10"]
[White "Burmistrov Alexander (RUS)"]
[Black "Malyuga Valentin (RUS)"]
[Result "0-1"]
[WhiteElo "1733"]
[BlackElo "2234"]

1.e4 c5 2.Nf3 e6 3.Nc3 d6 4.d4 cxd4 5.Nxd4 Nf6 6.g3 Nc6 7.Bg2 Bd7 8.Ndb5 Qb8
9.a4 Be7 10.O-O O-O 11.b3 a6 12.Nd4 Ne5 13.Bb2 Qa7 14.Qd2 Rad8 15.Rad1 Qc5
16.Kh1 Nc6 17.Nxc6 Bxc6 18.f4 Ng4 19.Rde1 Qh5 20.Bf3 Rfe8 21.Bxg4 Qxg4 22.Qe2
Qxe2 23.Rxe2 f5 24.Kg1 d5 25.exd5 Bc5+ 26.Kg2 exd5 27.Kh3 d4 28.Rxe8+ Rxe8
29.Nd1 Re2 30.Nf2 d3 {#R} 0-1

[Event "Zt"]
[Site "masterchessopen.com San Luis (Argentina)"]
[Date "2007.03.20"]
[Round "3"]
[White "Lujan Carolina (ARG)"]
[Black "Valerga Diego (ARG)"]
[Result "0-1"]
[WhiteElo "2379"]
[BlackElo "2469"]

1.e4 c5 2.Nf3 e6 3.d4 cxd4 4.Nxd4 Nf6 5.Nc3 d6 6.g3 Be7 7.Bg2 O-O 8.O-O a6
9.f4 Qc7 10.g4 Nc6 11.Nxc6 bxc6 12.g5 Ne8 13.f5 exf5 14.exf5 d5 15.Be3 Rb8
16.b3 Bd6 17.h3 Be5 18.Bd4 f6 19.g6 h6 20.Qd2 Nd6 21.Bxe5 fxe5 22.f6 Rxf6
23.Nxd5 cxd5 24.Bxd5+ Kf8 25.Rxf6+ gxf6 26.Qxh6+ Qg7 27.Qh5 Bf5 28.Kh2 Ke7
29.Bg2 Qxg6 {#R} 0-1

[Event "It (open)"]
[Site "masterchessopen.com San Sebastian (Spain)"]
[Date "2007.04.02"]
[Round "2"]
[White "Schnitzer Peter (GER)"]
[Black "Vera Reynaldo (CUB)"]
[Result "0-1"]
[WhiteElo "2165"]
[BlackElo "2495"]

1.e4 c5 2.Nf3 d6 3.d4 cxd4 4.Nxd4 Nf6 5.Nc3 e6 6.g3 Be7 7.Bg2 O-O 8.O-O a6
9.Be3 Qc7 10.Kh1 Nc6 11.f4 Bd7 12.f5 b5 13.g4 b4 14.Nb1 Nxd4 15.Bxd4 e5 16.Be3
Bc6 17.Nd2 Qb7 18.Qf3 d5 19.g5 Nxe4 20.Nxe4 dxe4 21.Qg3 f6 22.h4 Rac8 23.Rf2
Bd5 24.h5 fxg5 25.Bxg5 Bxg5 26.Qxg5 h6 27.Qg4 e3 28.Bxd5+ Qxd5+ 29.Rg2 Rc7
30.f6 Rxf6 31.Rd1 Qa8 32.Qxb4 Rf2 33.Qg4 e2 34.Rg1 Rxg2 {#R} 0-1

[Event "Ch France (team) 2007"]
[Site "masterchessopen.com France"]
[Date "2007.06.02"]
[Round "10"]
[White "Heinz Timothee (FRA)"]
[Black "Riff Jean-Noel (FRA)"]
[Result "0-1"]
[WhiteElo "2310"]
[BlackElo "2474"]

1.e4 c5 2.Nf3 d6 3.d4 Nf6 4.Nc3 cxd4 5.Nxd4 e6 6.g3 Nc6 7.Bg2 Bd7 8.O-O Be7
9.a4 O-O 10.Nb3 Nb4 11.Be3 Bc6 12.f4 Re8 13.Qe2 Qc7 14.Rad1 Rac8 15.g4 Nxc2
16.Qxc2 Bxa4 17.Rd4 Nxg4 18.Bf2 Bxb3 19.Qxb3 Nxf2 20.Rxf2 Qc5 21.Qd1 Bh4
22.Rfd2 Bf6 23.Na4 Bxd4+ 24.Rxd4 Qc1 25.Qxc1 Rxc1+ 26.Bf1 d5 27.exd5 exd5
28.Rxd5 g6 29.Kf2 Re4 30.Bb5 Rxf4+ 31.Kg3 Rb4 32.Bd7 Rc7 {#R} 0-1

[Event "Ch France (open) (a)"]
[Site "masterchessopen.com Aix les Bains (France)"]
[Round "5"]
[White "Gelis Dorian (FRA)"]
[Black "Soyer Jean-Yves (FRA)"]
[Result "0-1"]
[WhiteElo "2141"]
[BlackElo "2143"]

1.e4 c5 2.Nf3 e6 3.d4 cxd4 4.Nxd4 Nf6 5.Nc3 d6 6.g3 Nc6 7.Bg2 Nxd4 8.Qxd4 Be7
9.O-O O-O 10.h3 Qc7 11.Be3 Bd7 12.g4 Bc6 13.g5 Nd7 14.a4 a6 15.a5 Rac8 16.Kh1
Rfe8 17.Qd1 Bf8 18.f4 g6 19.Rg1 Bg7 20.Bd2 b5 21.axb6 Qxb6 22.Qe2 Nc5 23.Rgb1
a5 24.Nd1 a4 25.Bc3 Qb7 26.Bxg7 Nxe4 27.Bxe4 Bxe4+ 28.Kh2 Rxc2 29.Qxc2 Bxc2
30.Bc3 Qe4 31.Rc1 Qxf4+ 32.Kg1 Qg3+ {#R} 0-1

[Event "Ch Europe (active) (w)"]
[Site "masterchessopen.com Predeal (Romania)"]
[Date "2007.08.08"]
[Round "5"]
[White "Rudolf Anna (HUN)"]
[Black "Baciu Anca-Otilia (ROM)"]
[Result "1-0"]
[WhiteElo "2273"]
[BlackElo "2147"]

1.e4 c5 2.Nf3 e6 3.d4 cxd4 4.Nxd4 Nf6 5.Nc3 d6 6.g3 a6 7.Bg2 Be7 8.O-O Qc7
9.a4 O-O 10.f4 Nc6 11.Nb3 Rd8 12.Qe2 Bd7 13.g4 d5 14.e5 Ne8 15.Be3 b6 16.Qf2
Rab8 17.Ne2 g6 18.Ned4 Ng7 19.Nxc6 Bxc6 20.Nd4 Be8 21.f5 exf5 22.gxf5 Bc5
23.fxg6 hxg6 24.c3 Qe7 25.b4 Bxd4 26.Bxd4 Ne6 27.Bxb6 Rxb6 28.Qxb6 Qg5 29.Rf4
{#r} 1-0

[Event "Ch City (w)"]
[Site "masterchessopen.com Voronezh (Russia)"]
[Date "2007.12.08"]
[Round "5"]
[White "Ognerubova Anastasia (RUS)"]
[Black "Testova Victoria (RUS)"]
[Result "1-0"]
[WhiteElo "1928"]
[BlackElo "1650"]

1.e4 c5 2.Nf3 e6 3.d4 cxd4 4.Nxd4 Nf6 5.Nc3 d6 6.g3 Be7 7.Bg2 O-O 8.O-O Nc6
9.Be3 a6 10.f4 Bd7 11.Nb3 Qc7 12.g4 Be8 13.g5 Nd7 14.f5 Nce5 15.Kh1 Rc8 16.Nd4
Qc4 17.Rg1 Kh8 18.Bf1 Qb4 19.a3 Qa5 20.Rg3 Nc4 21.Bxc4 Rxc4 22.Rh3 Rg8
23.Rxh7+ {#r} 1-0

[Event "Tournament \"]
[Site "masterchessopen.com Athens (Greece)"]
[Date "2007.12.28"]
[Round "0"]
[White "Papageorgiou Vasilios (GRE)"]
[Black "Stathopoulos Fotios (GRE)"]
[Result "0-1"]
[WhiteElo "2133"]
[BlackElo "1806"]

1.e4 c5 2.Nf3 d6 3.d4 cxd4 4.Nxd4 Nf6 5.Nc3 e6 6.g3 Nc6 7.Bg2 Bd7 8.O-O Be7
9.h3 Nxd4 10.Qxd4 Bc6 11.Be3 O-O 12.Rad1 Qc7 13.Qc4 Rac8 14.Qb3 b6 15.Nb5 Qb7
16.Nxd6 Bxd6 17.Rxd6 Nxe4 18.Rxc6 Qxc6 19.Re1 Nc5 20.Qb4 Qd7 21.h4 Rfd8 22.Qg4
Qe7 23.Bh3 f5 24.Qe2 Ne4 25.c3 Qd6 26.Bd4 g6 27.g4 e5 28.gxf5 exd4 29.Qxe4 Re8
30.Qxe8+ Rxe8 31.Rxe8+ Kf7 32.Re6 Qf4 33.cxd4 gxf5 {#R} 0-1

[Event "It (open)"]
[Site "masterchessopen.com Zurich (Switzerland)"]
[Date "2007.12.29"]
[Round "5"]
[White "Friedrich Norbert (GER)"]
[Black "Akermann Thomass (SUI)"]
[Result "1-0"]
[WhiteElo "2313"]
[BlackElo "2171"]

1.e4 c5 2.Nf3 e6 3.d4 cxd4 4.Nxd4 Nf6 5.Nc3 d6 6.g3 Be7 7.Bg2 O-O 8.O-O a6
9.Be3 Qc7 10.g4 Nc6 11.g5 Nd7 12.f4 Nxd4 13.Bxd4 b5 14.Qh5 Re8 15.Rf3 b4 16.f5
Nf8 17.f6 Bxf6 18.gxf6 {#r} 1-0

[Event "It (open)"]
[Site "masterchessopen.com New Delhi (India)"]
[Date "2008.01.19"]
[Round "9"]
[White "Ganguly Surya Shekhar (IND)"]
[Black "Gupta Abhijeet (IND)"]
[Result "0-1"]
[WhiteElo "2603"]
[BlackElo "2580"]

{ Ganguly Surya Shekhar (IND) +1 =0 -1 Gupta Abhijeet (IND) +0 =1 -2 } 1.e4 c5
2.Nf3 d6 3.d4 cxd4 4.Nxd4 Nf6 5.Nc3 e6 6.g3 Be7 7.Bg2 O-O 8.O-O { ?/= }
8...Qc7 ( 8...Nc6 9.h3 Qb6 10.Nb3 a6 11.a4 Qc7 12.a5 Nd7 13.Bd2 b5 14.axb6
Nxb6 15.Na4 Nc4 16.Bc3 a5 17.Nd2 Ba6 18.Re1 Nb4 19.Nxc4 Bxc4 20.Qd2 Rab8
21.Bd4 Rfc8 22.Rec1 Bb5 23.b3 h6 24.h4 Nc6 25.Bb2 Ne5 26.Nc3 Be8 27.Nd1 a4
28.Bxe5 { ...0-1, Ljubojevic Ljubomir 2568 - Shirov Alexei 2723 , Monaco 2002
It "Melody Amber" (active) } ) 9.Ndb5 { +0.33 CAP } 9...Qd8 10.Bf4 { N } (
10.e5 dxe5 11.Qxd8 Bxd8 12.Be3 Nc6 13.Rad1 Be7 14.Nd6 Rd8 15.Nc4 Bd7 16.h3
Rdc8 17.Ne4 Rc7 18.Ned6 Be8 19.c3 Nd5 20.Bxd5 exd5 21.Rxd5 Rd7 22.Rfd1 Rad8
23.R1d2 Kf8 24.Kg2 f6 25.b4 b5 26.Nxe8 Kxe8 27.Rxd7 Rxd7 28.Rxd7 Kxd7 29.Nd2
Ke6 { ...0-1, Bacherikov Pavel 2208 - Vitiugov Nikita 2262 , Rybinsk 2000 Ch
Russia (juniors) (team) } ) 10...Ne8 11.e5 d5 12.Be3 Nc6 13.f4 f6 14.exf6 Bxf6
15.Bc5 Rf7 16.f5 a6 17.fxe6 Bxe6 18.Nd4 Bxd4+ 19.Bxd4 Rxf1+ 20.Kxf1 Nxd4
21.Qxd4 Nf6 22.Kg1 Rc8 23.Rd1 h6 24.Rd2 b5 25.Ne2 Bf7 26.Nf4 Rc4 27.Qe3 Ng4
28.Qa7 Qf6 29.Qa8+ { ?! } ( 29.Bf3 { !? } 29...h5 30.h3 Nh6 31.Qa8+ Kh7
32.Bxd5 Bxd5 33.Qxd5 Qxb2 34.Qd3+ Kg8 35.Re2 Qd4+ 36.Qxd4 { } ) 29...Kh7
30.Bxd5 { ? } ( 30.Qa7 Rxf4 31.gxf4 Qxf4 32.Qd4 Qxh2+ 33.Kf1 Qh4 34.b3 a5
35.Ke2 Qe7+ 36.Kd1 Ne3+ 37.Kc1 { } ) 30...Qb6+ 31.Kh1 Qe3 32.Re2 Rxf4 33.Be4+
Rxe4 34.Rxe3 Rxe3 { } {#R} 0-1

[Event "Extra League 2007/08"]
[Site "masterchessopen.com Czech Republic"]
[Date "2008.04.12"]
[Round "10"]
[White "Laznicka Viktor (CZE)"]
[Black "Ftacnik Lubomir (SVK)"]
[Result "0-1"]
[WhiteElo "2591"]
[BlackElo "2571"]

1.e4 c5 2.Nf3 d6 3.d4 cxd4 4.Nxd4 Nf6 5.Nc3 e6 6.g3 a6 7.Bg2 Be7 8.O-O Qc7
9.a4 Nc6 10.Be3 Bd7 11.Qe2 O-O 12.Rfd1 Ne5 13.h3 Rac8 14.Kh2 Rfe8 15.Bc1 Bf8
16.f4 Nc4 17.Nf3 e5 18.b3 Ne3 19.Bxe3 Qxc3 20.fxe5 Nxe4 21.Bd4 Qxc2 22.Qe3
dxe5 23.Nxe5 Nc5 24.Rac1 Qxb3 25.Bxc5 Bxa4 26.Qf4 Rxc5 27.Rxc5 Bxc5 28.Rd5 Qe3
29.Qxf7+ Kh8 30.Nf3 Bb3 {#R} 0-1

[Event "Memorial Karl Mala (open)"]
[Site "masterchessopen.com Frankfurt (Germany)"]
[Date "2008.06.26"]
[Round "1"]
[White "Grabarczyk Bogdan (POL)"]
[Black "Nahler Michael Dr (GER)"]
[Result "1-0"]
[WhiteElo "2458"]
[BlackElo "1834"]

1.e4 c5 2.Nf3 e6 3.d4 cxd4 4.Nxd4 Nf6 5.Nc3 d6 6.g3 a6 7.Bg2 Be7 8.O-O O-O
9.a4 Qc7 10.a5 Nc6 11.Nb3 Ne5 12.f4 Nc4 13.g4 Nd7 14.g5 Rb8 15.Kh1 Re8 16.f5
Qd8 17.Qh5 Nf8 18.Nd4 Ne5 19.Qh4 Qc7 20.f6 Bd8 21.fxg7 Kxg7 22.Ra3 Nc4 23.Qh6+
Kg8 24.Nf5 exf5 25.Nd5 Nxa3 26.Nxc7 Bxc7 27.bxa3 d5 28.exf5 Be5 29.f6 Ne6
30.Bxd5 {#r} 1-0

[Event "It (open)"]
[Site "masterchessopen.com Vlissingen (Netherlands)"]
[Date "2008.08.05"]
[Round "5"]
[White "Genzling Alain (FRA)"]
[Black "Mekhitarian Krikor Sevag (BRA)"]
[Result "0-1"]
[WhiteElo "2335"]
[BlackElo "2511"]

1.e4 c5 2.Nf3 d6 3.d4 cxd4 4.Nxd4 Nf6 5.Nc3 e6 6.g3 Be7 7.Bg2 O-O 8.O-O a6
9.Be3 Bd7 10.f4 Nc6 11.Nb3 Qc7 12.Kh1 b5 13.a3 Rab8 14.g4 Bc8 15.g5 Nd7 16.f5
Re8 17.Qh5 g6 18.Qh6 Nce5 19.Bd4 Bf8 20.Qh4 b4 21.axb4 Rxb4 22.Rae1 a5 23.Re3
a4 24.Rh3 h5 25.gxh6 axb3 26.h7+ Kh8 27.Be3 bxc2 28.f6 Rxb2 29.Bh6 Bxh6
30.Qxh6 Nxf6 31.Rxf6 Ng4 32.Qc1 Rb1 {#R} 0-1

[Event "Ch Chess Club (1/2 final)"]
[Site "masterchessopen.com Voronezh (Russia)"]
[Date "2008.09.19"]
[Round "4"]
[White "Ognerubova Anastasia (RUS)"]
[Black "Avtsynov Artyom (RUS)"]
[Result "0-1"]
[WhiteElo "2050"]
[BlackElo "1830"]

1.e4 c5 2.Nf3 e6 3.d4 cxd4 4.Nxd4 Nf6 5.Nc3 d6 6.g3 Nc6 7.Bg2 Qc7 8.O-O a6
9.Re1 Bd7 10.Nb3 Be7 11.f4 O-O 12.Be3 b5 13.a3 Rac8 14.Kh1 Rfe8 15.g4 h6
16.Bf3 Nh7 17.Rg1 Qd8 18.Qd2 Kh8 19.Rad1 Rf8 20.Qg2 Be8 21.Qh3 Rg8 22.Nd4 Rf8
23.e5 d5 24.Nxc6 Rxc6 25.g5 hxg5 26.fxg5 g6 27.Rg4 Rg8 28.Rh4 Rg7 29.Ne4 dxe4
30.Rxd8 Bxd8 31.Bxe4 Rc8 {#R} 0-1

[Event "Cup European Club (final)"]
[Site "masterchessopen.com Kallithea (Greece)"]
[Date "2008.10.17"]
[Round "1"]
[White "Baklan Vladimir (UKR)"]
[Black "Nieminen Kari (FIN)"]
[Result "1-0"]
[WhiteElo "2625"]
[BlackElo "2209"]

1.e4 c5 2.Nf3 d6 3.d4 cxd4 4.Nxd4 Nf6 5.Nc3 e6 6.g3 Nc6 7.Bg2 Qb6 8.Be3 Qc7
9.Ndb5 Qb8 10.O-O Nd7 11.f4 a6 12.Nd4 Nxd4 13.Qxd4 b5 14.Rad1 Bb7 15.Rfe1 Qc7
16.a4 Bc6 17.axb5 axb5 18.Ra1 Rb8 19.Ra7 Rb7 20.Nd5 Bxd5 21.exd5 Rxa7 22.Qxa7
Qxa7 23.Bxa7 Nc5 24.dxe6 fxe6 25.b4 Na6 26.Bc6+ Kf7 27.c3 Nc7 28.f5 d5
29.fxe6+ Kf6 30.Bd4+ Ke7 31.Bc5+ {#r} 1-0

[Event "It (open) \"]
[Site "masterchessopen.com Valpovo (Croatia)"]
[Date "2008.12.06"]
[Round "3"]
[White "Ivekovic Ana (CRO)"]
[Black "Purgar Ivona (CRO)"]
[Result "1-0"]
[WhiteElo "1925"]
[BlackElo "2070"]

1.e4 c5 2.Nf3 e6 3.d4 cxd4 4.Nxd4 Nf6 5.Nc3 d6 6.g3 Be7 7.Bg2 a6 8.O-O O-O
9.Qe2 Qc7 10.Kh1 Nc6 11.Be3 Bd7 12.a4 Ne5 13.f4 Nc4 14.Bc1 Rab8 15.b3 Na5
16.Bb2 Nc6 17.Nf3 Nb4 18.Rfd1 Rfe8 19.e5 Nfd5 20.Nxd5 Nxd5 21.c4 Nb4 22.exd6
Bxd6 23.Qd2 Bc6 24.Qxd6 Qxd6 25.Rxd6 Nc2 26.Rad1 Ne3 27.Re1 Nxg2 28.Kxg2 Rbd8
{#r} 1-0

[Event "Ch Croatia (team) (4th league)"]
[Site "masterchessopen.com Zagreb (Croatia)"]
[Date "2009.03.08"]
[Round "2"]
[White "Prskalo Zoran (CRO)"]
[Black "Dezelic Goran (CRO)"]
[Result "0-1"]
[WhiteElo "2039"]
[BlackElo "1907"]

1.e4 c5 2.Nf3 e6 3.d4 cxd4 4.Nxd4 Nf6 5.Nc3 d6 6.g3 Nc6 7.Bg2 Be7 8.Nxc6 bxc6
9.e5 Nd5 10.exd6 Bxd6 11.Ne4 Ba6 12.Qd4 O-O 13.Nxd6 Qxd6 14.Bd2 c5 15.Bf4 Qb6
16.Qe5 Nxf4 17.gxf4 Rad8 18.a3 f6 19.Qc3 Rd4 20.b3 Rfd8 21.f3 Qd6 22.Kf2 Qxf4
23.Rhe1 Qxh2 {#R} 0-1

[Event "Ch Europe"]
[Site "masterchessopen.com Budva (Montenegro)"]
[Date "2009.03.14"]
[Round "8"]
[White "Guseinov Gadir (AZE)"]
[Black "Kovacevic Aleksandar (SRB)"]
[Result "1-0"]
[WhiteElo "2664"]
[BlackElo "2575"]

1.e4 c5 2.Nf3 d6 3.d4 cxd4 4.Nxd4 Nf6 5.Nc3 e6 6.g3 Nc6 7.Bg2 Bd7 8.O-O Be7
9.Nb3 O-O 10.Kh1 Ne5 11.Qe2 Qc7 12.f4 Nc4 13.g4 Rac8 14.g5 Ne8 15.f5 Ne5
16.Qh5 exf5 17.Nd5 Qd8 18.exf5 Bxf5 19.Rxf5 g6 20.Nxe7+ Qxe7 21.Rxe5 Qxe5
22.Qd1 Rxc2 23.Nd4 Rc4 24.Nf3 Qe7 25.b3 Re4 26.Ba3 Re6 27.Qd4 Re4 28.Qd1 b5
29.Qd2 a5 30.Bb2 b4 31.Nd4 Re5 32.Nc6 Qe6 33.Nxe5 dxe5 34.Qe3 {#r} 1-0

[Event "Memorial Juan Mila (open)"]
[Site "masterchessopen.com Bogota (Colombia)"]
[Round "6"]
[White "Morales Jhon Alexander (COL)"]
[Black "Rios Cristian (COL)"]
[Result "1-0"]
[WhiteElo "2262"]
[BlackElo "1896"]

1.e4 c5 2.Nf3 e6 3.d4 cxd4 4.Nxd4 Nf6 5.Nc3 d6 6.g3 Be7 7.Bg2 O-O 8.O-O a6
9.Nb3 Qc7 10.a4 Nbd7 11.g4 Rb8 12.a5 Ne5 13.g5 Nfd7 14.f4 Nc4 15.Rf3 b5
16.axb6 Qxb6+ 17.Kh1 Bb7 18.Nd4 g6 19.b3 Na5 20.Rh3 Rfe8 21.Bb2 Bf8 22.Nde2
Bg7 23.Qe1 Nf8 24.Rd1 Qc7 25.Ba3 Red8 26.f5 exf5 27.exf5 Bxg2+ 28.Kxg2 gxf5
29.Qf2 Ng6 30.Qxf5 Rbc8 31.Kh1 Nc6 32.Nd5 Qb7 33.Kg1 Re8 34.Nf6+ Bxf6 35.Qxf6
{#r} 1-0

[Event "Czech League 2008/09 (2nd) (d)"]
[Site "masterchessopen.com Czech Republic"]
[Date "2009.04.05"]
[Round "11"]
[White "Bures Vit (CZE)"]
[Black "Brychta David (CZE)"]
[Result "0-1"]
[WhiteElo "2162"]
[BlackElo "2163"]

1.e4 c5 2.Nf3 e6 3.d4 cxd4 4.Nxd4 Nf6 5.Nc3 d6 6.g3 Be7 7.Bg2 O-O 8.O-O a6
9.a4 Qc7 10.Be3 Nbd7 11.Qe2 Re8 12.Kh1 Rb8 13.f4 Bf8 14.a5 e5 15.Nb3 exf4
16.gxf4 b5 17.axb6 Nxb6 18.Bd4 Nfd7 19.Rg1 g6 20.Bf3 Bh6 21.Rg4 Bb7 22.Rh4 Bg7
23.Bxg7 Kxg7 24.Na5 Bxe4 25.Nxe4 d5 26.f5 dxe4 27.Rxe4 Rxe4 28.Qxe4 Nf6 29.Qc6
Qf4 30.Rf1 Ng4 {#R} 0-1

[Event "Ch France (team) 2009"]
[Site "masterchessopen.com France"]
[Round "11"]
[White "Gelis Dorian (FRA)"]
[Black "Relange Eloi (FRA)"]
[Result "0-1"]
[WhiteElo "2109"]
[BlackElo "2473"]

1.e4 c5 2.Nc3 e6 3.Nf3 d6 4.d4 cxd4 5.Nxd4 Nf6 6.g3 Be7 7.Bg2 a6 8.a4 Qc7 9.a5
Nc6 10.Nb3 Nd7 11.Be3 Rb8 12.O-O b5 13.axb6 Nxb6 14.Qe2 O-O 15.f4 Nb4 16.Na5
Bd7 17.Rfd1 Rfd8 18.Rd2 Bf6 19.Rad1 Na4 20.e5 dxe5 21.Ne4 Be7 22.b3 Nd5
23.bxa4 Qxa5 24.Ng5 Nxe3 25.Rxd7 Nxd1 {#R} 0-1

[Event "It (open)"]
[Site "masterchessopen.com Varna (Bulgaria)"]
[Date "2009.06.19"]
[Round "9"]
[White "Lilov Valeri (BUL)"]
[Black "Petkov Hristo (BUL)"]
[Result "1-0"]
[WhiteElo "2413"]
[BlackElo "2086"]

1.e4 c5 2.Nf3 e6 3.d4 cxd4 4.Nxd4 Nf6 5.Nc3 d6 6.g3 a6 7.Bg2 Bd7 8.O-O Nc6
9.Be3 Be7 10.f4 Qc7 11.a4 Nxd4 12.Bxd4 e5 13.Be3 O-O 14.f5 Bc6 15.a5 Nd7 16.g4
g5 17.h4 h6 18.hxg5 hxg5 19.f6 Bxf6 20.Rf5 Bg7 21.Bxg5 f6 22.Be3 Rf7 23.Qf3
Nf8 24.Bf1 Ne6 25.Bc4 Re8 26.Bb3 Ree7 27.g5 Nxg5 28.Bxg5 fxg5 29.Rf1 Be8
30.Nd5 Qc5+ 31.Qf2 Rxf5 32.Nxe7+ {#r} 1-0

[Event "It (open)"]
[Site "masterchessopen.com Saint-Affrique (France)"]
[Date "2009.07.20"]
[Round "3"]
[White "Valles Manuel (FRA)"]
[Black "Petkov Vladimir (BUL)"]
[Result "0-1"]
[WhiteElo "2142"]
[BlackElo "2429"]

1.e4 c5 2.Nf3 d6 3.d4 Nf6 4.Nc3 cxd4 5.Nxd4 e6 6.g3 Be7 7.Bg2 O-O 8.O-O Nc6
9.Kh1 Bd7 10.Nb3 Rc8 11.g4 d5 12.exd5 Nxd5 13.Nxd5 exd5 14.h3 d4 15.Nxd4 Nxd4
16.Qxd4 Rxc2 17.Qe4 Rc6 18.Rd1 Re8 19.Bf4 Qc8 20.Qd4 Rd8 21.Qxa7 h5 22.Qe3 Bc5
23.Qe5 hxg4 24.Bxc6 Qxc6+ 25.Qd5 Qxd5+ 26.Rxd5 Bc6 {#R} 0-1

[Event "It (open)"]
[Site "masterchessopen.com Biel (Switzerland)"]
[Date "2009.07.28"]
[Round "8"]
[White "Domont Alexandre (SUI)"]
[Black "Gritsak Orest (UKR)"]
[Result "0-1"]
[WhiteElo "2345"]
[BlackElo "2519"]

1.e4 c5 2.Nf3 d6 3.d4 cxd4 4.Nxd4 Nf6 5.Nc3 e6 6.g3 Nc6 7.Bg2 Bd7 8.O-O Be7
9.Be3 O-O 10.Qe2 a6 11.Rad1 Qc7 12.g4 Nxd4 13.Rxd4 e5 14.Rc4 Qd8 15.g5 Ng4
16.Bd2 b5 17.Rb4 Bxg5 18.h3 Nh6 19.Rd1 Be6 20.Bxg5 Qxg5 21.Qd2 Qh4 22.Qxd6
Bxh3 23.Qxe5 Bxg2 24.Kxg2 Qxf2+ 25.Kxf2 Ng4+ 26.Ke2 Nxe5 27.a4 Nc6 28.Rb3 Na5
29.Rb4 Nc6 30.Rb3 b4 31.Nd5 Rae8 32.Re3 Re5 33.Nc7 Rc8 34.Rd7 Nb8 {#R} 0-1

[Event "Ch Belgrade (team) (Premijer liga)"]
[Site "masterchessopen.com Belgrade (Serbia)"]
[Date "2009.10.05"]
[Round "2"]
[White "Tosic Srecko (SRB)"]
[Black "Nestorovic Lazar (SRB)"]
[Result "0-1"]
[WhiteElo "2276"]
[BlackElo "2240"]

1.e4 c5 2.Nf3 e6 3.d4 cxd4 4.Nxd4 Nf6 5.Nc3 d6 6.g3 Be7 7.Bg2 O-O 8.O-O a6
9.Be3 Qc7 10.f4 Nc6 11.Nxc6 bxc6 12.g4 d5 13.e5 Nd7 14.Qe2 a5 15.Rf3 Ba6
16.Qe1 c5 17.Bd2 Rfe8 18.Rh3 Bb7 19.Qf2 f6 20.f5 fxe5 21.fxe6 Rf8 22.Qg3 Nb6
23.Re1 d4 24.Nb5 Qc8 25.Bxb7 Qxb7 26.Rxe5 g6 27.Re2 Nc4 28.Qc7 Rf1+ 29.Kxf1
Qh1+ 30.Kf2 Nxd2 31.Re1 Rf8+ 32.Ke2 Qg2+ 33.Kd1 Nc4 34.Rd3 Bg5 {#R} 0-1

[Event "It (open) \"]
[Site "masterchessopen.com Berlin (Germany)"]
[Date "2009.10.23"]
[Round "7"]
[White "Reichenbach Werner (GER)"]
[Black "Graf Alexander (GER)"]
[Result "0-1"]
[WhiteElo "2297"]
[BlackElo "2583"]

1.e4 c5 2.Nf3 e6 3.d4 cxd4 4.Nxd4 Nf6 5.Nc3 d6 6.g3 Be7 7.Bg2 O-O 8.O-O a6
9.a4 Qc7 10.Kh1 Nc6 11.f4 Rb8 12.Nb3 b5 13.axb5 axb5 14.Qe2 b4 15.Nd1 Bb7
16.Be3 Ra8 17.Nf2 Na5 18.Nxa5 Rxa5 19.Qd2 Rfa8 20.Rxa5 Qxa5 21.Re1 Rc8 22.h3
h6 23.Kh2 e5 24.Rc1 Rc4 25.Qd3 Ba6 26.Qd2 Bb7 27.Qd3 Rc7 28.Bd2 Ba6 29.Qb3 d5
30.exd5 Bc4 31.Qe3 Bc5 32.Qe1 exf4 33.Nd3 Re7 34.Bxb4 Qb5 {#R} 0-1

[Event "Ch World (juniors) (under 16) (g)"]
[Site "masterchessopen.com Kemer (Turkey)"]
[Date "2009.11.18"]
[Round "7"]
[White "Ognerubova Anastasia (RUS)"]
[Black "Arnatskaya Zoya (RUS)"]
[Result "1-0"]
[WhiteElo "2009"]
[BlackElo "1847"]

1.e4 c5 2.Nf3 e6 3.d4 cxd4 4.Nxd4 Nf6 5.Nc3 d6 6.g3 Nc6 7.Bg2 Bd7 8.Ndb5 Qb8
9.a4 Be7 10.Bg5 a6 11.Bxf6 gxf6 12.Na3 Qc7 13.O-O h5 14.h4 Ne5 15.Qd2 Qb6
16.Ne2 Rc8 17.a5 Qc5 18.Rfe1 Ng4 19.Nf4 Bf8 20.Rad1 Bh6 21.b4 Qa7 22.Qe2 Bxf4
23.gxf4 Ke7 24.Rd2 Rcd8 25.c4 b6 26.Qd3 Qc7 27.axb6 Qxb6 28.Nc2 e5 29.f5 Bc6
30.Red1 Ba4 31.Qc3 Qb8 32.Rb1 Rc8 33.Qa3 Bc6 {#r} 1-0

[Event "It (cat.9)"]
[Site "masterchessopen.com Budapest (Hungary)"]
[Date "2009.11.20"]
[Round "14"]
[White "Bui Vinh (VIE)"]
[Black "Paschall William M (USA)"]
[Result "0-1"]
[WhiteElo "2517"]
[BlackElo "2385"]

1.d4 e6 2.Nf3 c5 3.e4 cxd4 4.Nxd4 Nf6 5.Nc3 d6 6.g3 Nc6 7.Bg2 Bd7 8.Ndb5 Qb8
9.Bf4 Ne5 10.O-O a6 11.Nd4 b5 12.h3 Be7 13.g4 h6 14.a4 g5 15.Bc1 b4 16.Nce2 h5
17.f3 hxg4 18.fxg4 d5 19.Bxg5 Nxe4 20.Bxe7 Kxe7 21.Nf3 Nc4 22.Qd4 Qa7 23.b3
Ne3 24.Rfc1 Rhc8 25.Qxb4+ Ke8 26.Qd4 Nxc2 27.Qxa7 Rxa7 28.Rab1 Rac7 29.Ne5 Nd4
{#R} 0-1